| 000 | 00588nam a2200205Ia 4500 | ||
|---|---|---|---|
| 003 | GCL | ||
| 008 | 140319s9999 xx 000 0 ara d | ||
| 040 |
_aGCL / _cGCL |
||
| 082 | 0 | 4 |
_a792.82 _bا ب |
| 100 | 1 | _aحسن محمود | |
| 245 | 1 | 0 |
_aالباليه: دليل الى علم الجمال الحركى / _cحسن محمود |
| 700 | 1 | _aامبروز، كاى | |
| 700 | 1 | _aاسماعيل رسلان | |
| 300 | _a128 ص | ||
| 490 |
_aالالف كتاب _v0 |
||
| 650 | 0 | 4 | _aالرقص |
| 650 | 0 | 4 | _aالبالية |
| 650 | 0 | 4 | _aالبالية فى الفن |
| 942 |
_2ddc _cBK |
||
| 999 |
_c42902 _d42902 |
||